000 00702nam a2200265Ia 4500
005 20260302113931.0
008 008 260114s9999 xx 000 0 eng d
020 _a9781350495654
037 _aTextbook
040 _aCRL
040 _beng
040 _cCRL
041 _2eng
041 _aeng
084 _qCRL
100 _aShawn Loewen, Luke Plonsky
_91117258
245 3 _aAn A–Z of Applied Linguistics Research Methods
260 _bBloomsbury
260 _bBloomsbury Academic
260 _c2017
650 _aLinguistics
856 _uhttps://doi.org/10.1007/978-1-137-40322-3?locatt=label:secondary_bloomsburyCollections
942 _cEBOOK
999 _c1680755
_d1680755